000 00729nam a2200241Ia 4500
003 OSt
005 20220927105044.0
006 a|||||r|||| 00| 0
007 ta
008 220926b |||||||| |||| 00| 0 eng d
024 _a186541
037 _cReference Collections
040 _aRTL
_cRTL
_beng
041 _2eng
_aeng
082 _a"X62.2.N76<N73r, L6"
110 _aSOUTH INDIA BANK LIMITED (Tinnevelly)
_9369939
245 0 _a"Annual report,1973-76."
260 _aTirunelveli
_bTown South India Bank
_c1976
300 _a16p.
_ccm.
700 _aSOUTH INDIA BANK LIMITED (Tinnevelly)
_9369940
942 _h"X62.2.N76<N73r, L6"
_cCC
999 _c690502
_d690502